La semántica

Збережено в:
Бібліографічні деталі
Автор: Guiraud, Pierre
Формат: Книга
Мова:Undetermined
Опубліковано: México, Distrito Federal Fondo de Cultura Económica 1994
Редагування:2
Предмети:
Теги: Додати тег
Немає тегів, Будьте першим, хто поставить тег для цього запису!

MARC

LEADER 00000nam a2200000Ia 4500
008 170316s9999 xx 000 0 und d
090 |a 410 G-20s 
100 |a Guiraud, Pierre 
245 |a La semántica 
250 |a 2 
260 |a México, Distrito Federal 
260 |b Fondo de Cultura Económica 
260 |c 1994 
300 |a 142 páginas 
650 |a LINGÜÍSTICA 
999 |c 18411  |d 18411 
040 |a cru BVZT 
942 |c 15 D  |h 410 G-20s  |2 z